Cry For Me - The Weeknd - All Lyrics - Statistics

General Stats
  • This quiz has been taken 225 times
  • The average score is 332 of 446
Answer Stats
Answer % Correct
you
100%
you,
100%
(Ah)
99%
I
99%
Ooh,
99%
ooh,
99%
yeah
99%
me
98%
me,
98%
me)
98%
cry
96%
for
96%
like
93%
a
92%
it
89%
hope
87%
Every
86%
night
85%
and
83%
And
83%
can
83%
my
83%
that
83%
can't
81%
Girl,
81%
feel
80%
believe
79%
your
79%
with
77%
baby
75%
on
75%
up
75%
'Cause
74%
phone,
74%
now
73%
Now
73%
pick
73%
still
73%
time
73%
I'm
71%
(I'm
71%
life
71%
take
71%
the
71%
The
71%
when
71%
When
71%
slowly
70%
Slowly
70%
(Slowly)
70%
easy
69%
of
68%
End
67%
end
67%
saw
65%
song
65%
leaving
63%
to
63%
tried
61%
But
60%
gone
60%
play
60%
breathing
58%
breathing)
58%
not
58%
strangers
58%
this
58%
we're
58%
at
56%
I'll
55%
see
55%
wish
55%
bleeding
54%
(Bleeding)
54%
least
52%
reason
52%
(Reason)
52%
told
52%
spirit
51%
all
50%
In
50%
lie
50%
tears
50%
truth,
50%
truth
50%
truth)
50%
wash
49%
you're
49%
feelings
48%
(Feelings)
48%
hide
48%
(Hide
48%
whisky
46%
you'll
45%
I've
44%
been
43%
Been
43%
Don't
43%
clear
40%
is
40%
fears
39%
live
39%
road,
39%
living
38%
piece
38%
Kills
37%
near
37%
hit
36%
little
36%
alone
35%
myself
35%
own,
35%
takes
33%
better
31%
ears
31%
floor
31%
gave
31%
scream
31%
stop
31%
home,
30%
home
30%
over
30%
(Over
30%
took
30%
penthouse
29%
always
27%
block
27%
cheers
27%
most,
27%
fucking
26%
mystery
26%
needed
26%
sympathy
26%
interfere,
25%
stage
25%
toll
25%
disappear
24%
faded
24%
burning
23%
showing
23%
You've
23%
prison,
20%
ain't
19%
crowd'll
17%
No matching quizzes found
Score Distribution
Percent of People with Each Score
Percentile by Number Answered
Your Score History
You have not taken this quiz